Normal view
MARC view
- ENGINEERING MATHEMATICS, ENGINEERING MATHEMATICS- PROBLEMS EXERCEISES ETC
Entry Topical Term
001 - CONTROL NUMBER
- control field: 62446
003 - CONTROL NUMBER IDENTIFIER
- control field: NUST
005 - DATE AND TIME OF LATEST TRANSACTION
- control field: 20210628202935.0
008 - FIXED-LENGTH DATA ELEMENTS
- fixed length control field: 210628|| aca||aabn | a|a d
040 ## - CATALOGING SOURCE
- Original cataloging agency: NUST
- Transcribing agency: NUST
150 ## - HEADING--TOPICAL TERM
- Topical term or geographic name entry element: ENGINEERING MATHEMATICS, ENGINEERING MATHEMATICS- PROBLEMS EXERCEISES ETC
670 ## - SOURCE DATA FOUND
- Source citation: Work cat.: (NUST): Parthasarathy, Harish 8829, Handbook of problems in engineering mathematics and physics, 2005
